| 000 | 02471nam a22002537a 4500 | ||
|---|---|---|---|
| 005 | 20240305165434.0 | ||
| 007 | cr|||| ||u| | ||
| 008 | 151202s2015 sp ||||| |||| 00||0 spa d | ||
| 020 | _a978-84-9085-206-4 | ||
| 035 | _a12937 | ||
| 040 | _avLex | ||
| 090 |
_c5700 _d5700 |
||
| 100 | 1 | _aRuiz Resa, Josefa Dolores | |
| 245 | 1 | 4 |
_aLos derechos de los trabajadores en el franquismo _h[Recurso electrónico] / _cJosefa Dolores Ruiz Resa |
| 256 | _aServicio en línea | ||
| 260 |
_aMadrid _bDykinson _c2015 |
||
| 300 | _a1 recurso electrónico | ||
| 500 | _aEl objetivo de este estudio es analizar el tratamiento dado al trabajo y a los derechos derivados de él durante el franquismo, derechos que denominaremos socio-laborales. Se atenderá básicamente al discurso oficial, es decir, el discurso admitido y sustentado desde los presupuestos y las ideologías de cabecera del Régimen, discurso en el que no sólo participaron sus ideólogos y defensores confesos. Por lo demás, se tendrá en cuenta que algunos de sus contenidos ya estaban presentes en periódicos históricos anteriores y, aunque este asunto no será abordado, también se tendrá en cuenta que algunas de las normas jurídicas e instituciones del Régimen siguen estando presentes en la España actual. Esta circunstancia evidencia las continuidades que canaliza el derecho, más allá de los cambios de Régimen político, entendiendo el derecho no sólo como conjunto de normas jurídicas sino también incluyendo en él las instituciones necesarias para su aplicación e interpretación y el conjunto de valores culturales que determinan la visión que los miembros de una comunidad tienen de su derecho, incluidos los operadores jurídicos. Para llevar a cabo este trabajo, se analizarán el conjunto de presupuestos, ideas y argumentos que cabe extraer del discurso político del Régimen, su Derecho y la doctrina jurídica científica que se produjeron en torno a esta temática. | ||
| 506 | 1 |
_aContenido solo disponible en los productos indicados _dvLex Global _dvLex Global (Academic Edition, excluding Law Schools) _dvLex Global (U.S. Academic Edition, Law Schools) _dvLex Global (U.S. Academic Edition, excluding Law Schools) _dvLex Global (Academic Edition, Law Schools) |
|
| 650 | 0 | 4 |
_aDrets dels treballadors _zEspaña |
| 740 | 0 | _avLex libros (servicio en línea) | |
| 856 | 4 | 0 | _uhttps://app.vlex.com/#/sources/derechos-de-los-trabajadores-en-el-franquismo-12937 |
| 942 | _cRAA | ||
| 999 |
_c164030 _d164030 |
||